[Event "M.Chigorin Memorial A"]
[Site "St. Petersburg RUS"]
[Date "2007.12.07"]
[Round "7.16"]
[White "Kuderinov, Kirill"]
[Black "Ovod, Evgenija"]
[Result "1/2-1/2"]
[WhiteElo "2416"]
[BlackElo "2386"]
[PlyCount "99"]
[EventDate "2007.??.??"]

1. e4 e5 2. Nf3 Nc6 3. Bc4 Bc5 4. O-O Nf6 5. d3 d6 6. Nc3 Bg4 7. Be3 Nd4 8.
Bxd4 Bxd4 9. h3 Bxf3 10. Qxf3 c6 11. Ne2 Bb6 12. c3 Qe7 13. Kh1 O-O-O 14. a4 d5
15. exd5 cxd5 16. Bb3 e4 17. dxe4 Qxe4 18. a5 Qxf3 19. gxf3 Bc7 20. a6 Rhe8 21.
Nd4 Re5 22. Ba4 Rh5 23. axb7+ Kxb7 24. Bc6+ Kb8 25. Rfe1 Rxh3+ 26. Kg2 Rh6 27.
Bb5 Rd6 28. Nc6+ Kb7 29. Re7 Rxc6 30. Bxc6+ Kxc6 31. Rxa7 Bb6 32. Ra8 Rg6+ 33.
Kf1 Nd7 34. Rxf7 Rf6 35. Rxg7 Rxf3 36. Rg2 d4 37. Ke2 Rf5 38. Rh2 h5 39. Rc8+
Kd6 40. f4 dxc3 41. bxc3 Nf6 42. Kf3 Bc7 43. Rd2+ Nd5 44. Rd4 Kd7 45. Rh8 Rxf4+
46. Rxf4 Nxf4 47. Rh7+ Kc6 48. Rxc7+ Kxc7 49. Kxf4 Kc6 50. Kg5 1/2-1/2

[Event "M.Chigorin Memorial A"]
[Site "St. Petersburg RUS"]
[Date "2007.12.07"]
[Round "7.17"]
[White "Bodnaruk, Anastasia"]
[Black "Ponfilenok, Vladimir"]
[Result "1/2-1/2"]
[WhiteElo "2331"]
[BlackElo "2412"]
[PlyCount "66"]
[EventDate "2007.??.??"]

1. e4 e6 2. d4 d5 3. Nc3 Bb4 4. e5 c5 5. a3 Bxc3+ 6. bxc3 Ne7 7. Qg4 Qc7 8.
Qxg7 Rg8 9. Qxh7 cxd4 10. Ne2 Nbc6 11. Bf4 Bd7 12. Qd3 dxc3 13. Qxc3 Rc8 14.
Rb1 d4 15. Qd2 Nd5 16. Bg3 Nxe5 17. Nxd4 a6 18. Bd3 Nxd3+ 19. cxd3 Qc5 20. Nf3
Qc3 21. Qxc3 Rxc3 22. Ne5 b5 23. Ra1 Rc2 24. O-O f6 25. Nf3 Kf7 26. d4 Rgc8 27.
Bd6 R8c3 28. h4 Kg6 29. Rfe1 a5 30. Rab1 Ra2 31. Ra1 Rac2 32. Rab1 Ra2 33. Ra1
Rac2 1/2-1/2

[Event "M.Chigorin Memorial A"]
[Site "St. Petersburg RUS"]
[Date "2007.12.07"]
[Round "7.18"]
[White "Demianjuk, Alexander"]
[Black "Gorovykh, Eduard"]
[Result "0-1"]
[WhiteElo "2334"]
[BlackElo "2402"]
[PlyCount "82"]
[EventDate "2007.??.??"]

1. e4 c5 2. Nf3 d6 3. d4 cxd4 4. Nxd4 Nf6 5. Nc3 g6 6. Be3 Bg7 7. f3 O-O 8. Qd2
Nc6 9. Bc4 Bd7 10. O-O-O Rc8 11. Bb3 Nxd4 12. Bxd4 b5 13. h4 a5 14. a4 bxa4 15.
Nxa4 Bxa4 16. Bxa4 Rc4 17. Bxf6 Rxa4 18. b3 Bxf6 19. bxa4 Qb6 20. Rdf1 Rc8 21.
Kd1 Rc3 22. h5 Qb1+ 23. Ke2 Qa2 24. Rc1 Qc4+ 25. Kd1 Qxa4 26. hxg6 hxg6 27. Qd5
Rc8 28. Ke2 e6 29. Qb3 Qc6 30. c4 a4 31. Qb5 Qa8 32. Rc2 Rb8 33. Qd7 a3 34.
Qxd6 a2 35. e5 Rd8 36. Qxd8+ Bxd8 37. Ra1 Qb8 38. f4 Qb7 39. Kd3 Qb3+ 40. Kd2
Ba5+ 41. Kc1 Qa3+ 0-1

[Event "M.Chigorin Memorial A"]
[Site "St. Petersburg RUS"]
[Date "2007.12.07"]
[Round "7.20"]
[White "Ivanov, Rostislav"]
[Black "Bratus, Pater P"]
[Result "1/2-1/2"]
[WhiteElo "2355"]
[BlackElo "2211"]
[PlyCount "162"]
[EventDate "2007.??.??"]

1. e4 c5 2. Nf3 d6 3. d4 cxd4 4. Nxd4 Nf6 5. Nc3 a6 6. Be2 e5 7. Nb3 Be6 8. O-O
Be7 9. f4 Qc7 10. Bf3 Nbd7 11. Kh1 b5 12. a3 Nb6 13. f5 Bd7 14. g4 Na4 15. Nxa4
bxa4 16. Na5 h6 17. Qe1 Qxc2 18. Rf2 Qc7 19. Bd2 Rc8 20. Bb4 Bb5 21. Rd1 Nd7
22. Rfd2 Nc5 23. Rc2 O-O 24. Rc3 Qb8 25. Nc4 Bxc4 26. Rxc4 Nb3 27. Rxc8 Rxc8
28. Bc3 Nd4 29. Bg2 Qb3 30. Bf1 Nc2 31. Qe2 Nxa3 32. Rd3 Nc4 33. Bxe5 Qb7 34.
Bc3 Rb8 35. Rd4 Ne5 36. Rxa4 Ra8 37. h3 Qc6 38. Ra5 Bd8 39. Rd5 Be7 40. h4 Bd8
41. Qd1 Be7 42. g5 hxg5 43. hxg5 Bxg5 44. Bg2 Be7 45. Qd4 Rc8 46. Bf1 Ra8 47.
Kg2 Rc8 48. Ra5 Ra8 49. Qd5 Qc8 50. Bxe5 dxe5 51. Bc4 Qf8 52. b3 Rd8 53. Qb7 g6
54. Rxa6 gxf5 55. exf5 Kh8 56. Kf1 Rd6 57. Ra8 Rd8 58. Ra6 Qg7 59. Qh1+ Kg8 60.
Qf3 e4 61. Qxe4 Kf8 62. Ra8 Qg5 63. Rxd8+ Bxd8 64. Ke2 Qf6 65. Qd5 Bb6 66. Kd3
Qe7 67. Kc2 Qf6 68. b4 Qe7 69. Kb3 Kg7 70. Qg2+ Kf8 71. Qh2 Bd4 72. Qf4 Be5 73.
Qe4 Bd6 74. Qxe7+ Kxe7 75. b5 f6 76. Be6 Kd8 77. Kc4 Kc7 78. Kd5 Be5 79. Bf7
Kb6 80. Be8 Ba1 81. Bc6 Be5 1/2-1/2

[Event "M.Chigorin Memorial A"]
[Site "St. Petersburg RUS"]
[Date "2007.12.08"]
[Round "8.1"]
[White "Gubajdullin, Alexei"]
[Black "Movsesian, Sergei"]
[Result "1-0"]
[WhiteElo "2475"]
[BlackElo "2670"]
[PlyCount "93"]
[EventDate "2007.??.??"]

1. d4 Nf6 2. c4 g6 3. Nf3 Bg7 4. Nc3 O-O 5. e4 d6 6. Be2 e5 7. Be3 Ng4 8. Bg5
f6 9. Bh4 Nc6 10. d5 Ne7 11. Nd2 h5 12. h3 Nh6 13. g4 g5 14. Bg3 h4 15. Bh2 c5
16. dxc6 bxc6 17. Qa4 Nf7 18. Nb3 Be6 19. O-O-O Qc7 20. c5 d5 21. Bf3 Rfd8 22.
Kb1 Rab8 23. exd5 cxd5 24. Rhe1 Qc8 25. Qa3 Bf8 26. Ka1 a5 27. Rd2 a4 28. Nxa4
Nc6 29. Nc1 Ra8 30. Bd1 e4 31. f4 gxf4 32. Bxf4 Nce5 33. Qc3 Qc6 34. b3 Ng5 35.
Ne2 Rxa4 36. bxa4 Ngf3 37. Nd4 Nxd4 38. Qxd4 Bxc5 39. Qb2 Kf7 40. g5 Bf5 41.
Bh5+ Ke6 42. Rc1 Qd6 43. Bxe5 fxe5 44. Qb7 Rf8 45. g6 e3 46. g7 exd2 47. g8=Q+
1-0

[Event "M.Chigorin Memorial A"]
[Site "St. Petersburg RUS"]
[Date "2007.12.08"]
[Round "8.2"]
[White "Andreikin, Dmitry"]
[Black "Safarli, Eltaj"]
[Result "1/2-1/2"]
[WhiteElo "2555"]
[BlackElo "2487"]
[PlyCount "70"]
[EventDate "2007.??.??"]

1. d4 Nf6 2. Nf3 e6 3. c4 b6 4. Nc3 Bb4 5. Bg5 Bb7 6. Nd2 h6 7. Bh4 Nc6 8. a3
Bxc3 9. bxc3 Ne7 10. f3 Nf5 11. Bf2 d5 12. Qb1 Qd7 13. e4 dxe4 14. fxe4 Ne7 15.
Be2 e5 16. O-O c5 17. d5 Ng6 18. a4 Nf4 19. Bf3 O-O 20. a5 Qc7 21. Qb5 Rfb8 22.
Rfb1 Nd7 23. Bg4 Bc8 24. Qc6 Qd8 25. Bg3 Qg5 26. Bxd7 Ne2+ 27. Kh1 Nxg3+ 28.
hxg3 Bxd7 29. Qxd7 Qxd2 30. axb6 axb6 31. Rxa8 Rxa8 32. Rxb6 Ra1+ 33. Kh2 Rf1
34. Rb1 Rxb1 35. Qc8+ Kh7 1/2-1/2

[Event "M.Chigorin Memorial A"]
[Site "St. Petersburg RUS"]
[Date "2007.12.08"]
[Round "8.5"]
[White "Yemelin, Vasily"]
[Black "Yevseev, Denis"]
[Result "1/2-1/2"]
[WhiteElo "2564"]
[BlackElo "2499"]
[PlyCount "21"]
[EventDate "2007.??.??"]

1. e4 c6 2. d4 d5 3. e5 Bf5 4. Nd2 e6 5. Nb3 Nd7 6. Nf3 Qc7 7. Bd3 Bxd3 8. Qxd3
c5 9. dxc5 Nxc5 10. Qb5+ Nd7 11. O-O 1/2-1/2

[Event "M.Chigorin Memorial A"]
[Site "St. Petersburg RUS"]
[Date "2007.12.08"]
[Round "8.6"]
[White "Alavkin, Arseny"]
[Black "Maslak, Konstantin"]
[Result "1-0"]
[WhiteElo "2442"]
[BlackElo "2510"]
[PlyCount "77"]
[EventDate "2007.??.??"]

1. e4 e6 2. d4 d5 3. e5 c5 4. c3 Nc6 5. Nf3 Qb6 6. a3 c4 7. Nbd2 Na5 8. Be2 Bd7
9. O-O h6 10. Ne1 Nb3 11. Nxb3 Ba4 12. Bf4 Ne7 13. Qd2 Qxb3 14. g4 f5 15. exf6
gxf6 16. Ng2 Qb6 17. Bg3 h5 18. g5 fxg5 19. Qxg5 Bc2 20. Qe5 Rh7 21. Nf4 Bf5
22. Bxh5+ Kd7 23. Bd1 Bg7 24. Ba4+ Kd8 25. Qe2 Qa6 26. Bc2 Kd7 27. Rae1 Rh6 28.
Bxf5 Nxf5 29. Qg4 Rf8 30. Re2 Qc6 31. Rfe1 e5 32. dxe5 Ke8 33. e6 d4 34. e7
Rff6 35. Nh5 d3 36. Re5 d2 37. Rd1 Rhg6 38. Nxf6+ Qxf6 39. Qxf5 1-0

[Event "M.Chigorin Memorial A"]
[Site "St. Petersburg RUS"]
[Date "2007.12.08"]
[Round "8.7"]
[White "Kokarev, Dmitry"]
[Black "Utkin, Aleksey"]
[Result "1/2-1/2"]
[WhiteElo "2550"]
[BlackElo "2389"]
[PlyCount "117"]
[EventDate "2007.??.??"]

1. e4 g6 2. d4 Bg7 3. Nc3 c6 4. f4 d5 5. e5 Nh6 6. Nf3 Bg4 7. Be3 f6 8. Be2 Nd7
9. O-O O-O 10. Qd2 Nf5 11. Bf2 Bxf3 12. Bxf3 fxe5 13. dxe5 e6 14. Rae1 Qa5 15.
Rd1 Qc7 16. Ne2 Bh6 17. Qc3 Bg7 18. Qd3 Rae8 19. Bg4 a6 20. Bh3 Qa5 21. g3 Rf7
22. Nc3 Bf8 23. Kh1 Bb4 24. Be1 Nc5 25. Qe2 Bxc3 26. Bxc3 Qb5 27. Qxb5 axb5 28.
Bd2 Ne4 29. Bc1 h5 30. a3 Rd7 31. Bg2 Nc5 32. Kg1 Red8 33. Kf2 d4 34. b4 Na4
35. Rd3 c5 36. bxc5 Nxc5 37. Rf3 Rc8 38. Kg1 Na4 39. R3f2 Rdc7 40. Bd2 Rxc2 41.
Bxb7 R8c7 42. Be4 Rb2 43. Ba5 Rxf2 44. Kxf2 Ra7 45. Bb4 Nc3 46. Bd3 Nd5 47.
Bxb5 Nxb4 48. axb4 Ra2+ 49. Kf3 Rxh2 50. Bd3 h4 51. Bxf5 gxf5 52. gxh4 Rb2 53.
Rg1+ Kf7 54. h5 Rxb4 55. h6 Rb3+ 56. Ke2 Rh3 57. Rg7+ Kf8 58. Rg6 Kf7 59. Rg7+
1/2-1/2

[Event "M.Chigorin Memorial A"]
[Site "St. Petersburg RUS"]
[Date "2007.12.08"]
[Round "8.8"]
[White "Slugin, Sergey"]
[Black "Shimanov, Aleksandr"]
[Result "1/2-1/2"]
[WhiteElo "2403"]
[BlackElo "2447"]
[PlyCount "64"]
[EventDate "2007.??.??"]

1. Nf3 d5 2. d4 Nf6 3. c4 c6 4. cxd5 cxd5 5. Nc3 Nc6 6. Bf4 a6 7. Rc1 Bf5 8. e3
Rc8 9. Be2 e6 10. O-O Be7 11. Qb3 Qd7 12. Ne5 Nxe5 13. Bxe5 O-O 14. Na4 Rxc1
15. Rxc1 Rc8 16. Rxc8+ Qxc8 17. Qc3 Qxc3 18. Nxc3 Nd7 19. Bc7 Kf8 20. f3 Bg6
21. Kf2 Ke8 22. e4 dxe4 23. Nxe4 Nf6 24. Nxf6+ gxf6 25. Ke3 Kd7 26. Ba5 Bb1 27.
a3 Ba2 28. f4 f5 29. Bh5 Bd5 30. g3 Ke8 31. Bb6 Bd6 32. Kd3 Be4+ 1/2-1/2

[Event "M.Chigorin Memorial A"]
[Site "St. Petersburg RUS"]
[Date "2007.12.08"]
[Round "8.9"]
[White "Aleksandrov, Aleksej"]
[Black "Solovjov, Sergey I"]
[Result "1-0"]
[WhiteElo "2614"]
[BlackElo "2461"]
[PlyCount "49"]
[EventDate "2007.??.??"]

1. d4 d5 2. c4 c6 3. Nc3 Nf6 4. e3 e6 5. Nf3 Nbd7 6. Bd3 dxc4 7. Bxc4 b5 8. Bd3
Bb7 9. a3 b4 10. Ne4 c5 11. Nxf6+ gxf6 12. O-O cxd4 13. Nxd4 Rg8 14. e4 Bd6 15.
Qh5 Nc5 16. Bb5+ Ke7 17. axb4 Bxe4 18. Nc6+ Bxc6 19. Bxc6 Nb3 20. Ra6 Nxc1 21.
Rxc1 Rc8 22. g3 Rc7 23. Rd1 Qc8 24. Rxd6 Rg5 25. Qe2 1-0

[Event "M.Chigorin Memorial A"]
[Site "St. Petersburg RUS"]
[Date "2007.12.08"]
[Round "8.10"]
[White "Gorovykh, Eduard"]
[Black "Zhigalko, Andrey"]
[Result "0-1"]
[WhiteElo "2402"]
[BlackElo "2554"]
[PlyCount "60"]
[EventDate "2007.??.??"]

1. d4 Nf6 2. Bg5 e6 3. e4 h6 4. Bxf6 Qxf6 5. Nc3 d6 6. Qd2 c6 7. f4 e5 8. dxe5
dxe5 9. f5 g6 10. Bd3 Nd7 11. Nf3 Nc5 12. g4 gxf5 13. exf5 h5 14. Qe2 Nxd3+ 15.
cxd3 hxg4 16. Nxe5 Bxf5 17. Ne4 Qh4+ 18. Ng3 O-O-O 19. O-O-O Be6 20. Kb1 Rh6
21. Qe4 Qg5 22. Rhf1 Rxh2 23. Nxf7 Qd5 24. Qxd5 Rxd5 25. Ng5 Rxg5 26. Rxf8+ Kc7
27. Re1 Bd5 28. Re7+ Kb6 29. Rb8 c5 30. Ne4 Rf5 0-1

[Event "M.Chigorin Memorial A"]
[Site "St. Petersburg RUS"]
[Date "2007.12.08"]
[Round "8.11"]
[White "Utegaliyev, Azamat"]
[Black "Tihonov, Jurij"]
[Result "1/2-1/2"]
[WhiteElo "2200"]
[BlackElo "2522"]
[PlyCount "180"]
[EventDate "2007.??.??"]

1. e4 c5 2. Nf3 d6 3. d4 cxd4 4. Nxd4 Nf6 5. Nc3 a6 6. Be3 e5 7. Nf3 Qc7 8. a4
Be7 9. Bg5 Be6 10. Bxf6 Bxf6 11. Nd5 Bxd5 12. Qxd5 O-O 13. c3 Nd7 14. Be2 Nb6
15. Qb3 Qc6 16. Bd3 Rac8 17. O-O g6 18. Rfd1 Kg7 19. Nd2 Bg5 20. Nf3 Bd8 21.
Nd2 Nd7 22. a5 Nf6 23. Qc2 Bc7 24. Nc4 Rcd8 25. Ne3 Bb8 26. Nd5 Nxd5 27. exd5
Qc7 28. f3 Ba7+ 29. Kh1 Rc8 30. c4 Bd4 31. f4 f5 32. fxe5 Bxe5 33. Ra3 Qc5 34.
Qd2 Rce8 35. b4 Qc7 36. Bf1 Kh8 37. c5 Rd8 38. c6 Ra8 39. Rc1 Rfc8 40. Rh3 Qg7
41. b5 axb5 42. Bxb5 Ra7 43. Re1 Rb8 44. Rb3 bxc6 45. dxc6 Qc7 46. a6 Rxa6 47.
Bxa6 Rxb3 48. Qd5 Rb8 49. Bb7 Kg7 50. g3 h5 51. Kg2 h4 52. Qe6 hxg3 53. hxg3
Rxb7 54. cxb7 Qxb7+ 55. Kh2 Kh6 56. Rxe5 dxe5 57. Qxe5 Qe4 58. Qf4+ g5 59. Qd6+
Kh5 60. Qd1+ Qg4 61. Qf1 Qe4 62. Qh3+ Kg6 63. Qh8 Qe2+ 64. Kg1 Qd1+ 65. Kf2
Qd2+ 66. Kg1 Qe3+ 67. Kg2 Qe2+ 68. Kg1 Qe6 69. Kg2 g4 70. Qb8 Qc6+ 71. Kg1 Kf6
72. Kf2 Qc5+ 73. Ke2 Qc2+ 74. Ke3 Qc3+ 75. Ke2 Qf3+ 76. Kd2 Qd5+ 77. Ke2 Kg5
78. Qf4+ Kg6 79. Qb8 Kf6 80. Qh8+ Ke7 81. Qg7+ Kd6 82. Qf8+ Kc6 83. Qa8+ Kc5
84. Qxd5+ Kxd5 85. Kd3 Kd6 86. Kd2 Kc5 87. Ke3 Kd5 88. Kd3 Ke5 89. Ke3 f4+ 90.
gxf4+ Kf5 1/2-1/2

[Event "M.Chigorin Memorial A"]
[Site "St. Petersburg RUS"]
[Date "2007.12.08"]
[Round "8.12"]
[White "Romanov, Evgeny"]
[Black "Smirnov, Artem"]
[Result "1-0"]
[WhiteElo "2515"]
[BlackElo "2419"]
[PlyCount "57"]
[EventDate "2007.??.??"]

1. d4 Nf6 2. c4 e6 3. Nf3 b6 4. g3 Ba6 5. Qc2 c5 6. d5 exd5 7. cxd5 Bb7 8. Bg2
Nxd5 9. O-O Be7 10. Rd1 Nc6 11. e4 Nc7 12. Nc3 O-O 13. Be3 Qe8 14. Rd2 d6 15.
Rad1 Rd8 16. b3 Nb4 17. Qc1 d5 18. Bf4 dxe4 19. Bxc7 Rc8 20. Rd7 Nd3 21. R7xd3
Rxc7 22. Qf4 exd3 23. Qxc7 Bxf3 24. Bxf3 Bf6 25. Nd5 Bd4 26. Ne7+ Kh8 27. Rxd3
f5 28. Rd2 f4 29. g4 1-0

[Event "M.Chigorin Memorial A"]
[Site "St. Petersburg RUS"]
[Date "2007.12.08"]
[Round "8.13"]
[White "Gasanov, Eldar"]
[Black "Levin, Evgeny A"]
[Result "0-1"]
[WhiteElo "2504"]
[BlackElo "2428"]
[PlyCount "68"]
[EventDate "2007.??.??"]

1. d4 Nf6 2. c4 e6 3. Nc3 Bb4 4. Nf3 O-O 5. Bg5 c5 6. e3 h6 7. Bh4 cxd4 8. exd4
Qa5 9. Bd3 Bxc3+ 10. bxc3 Qxc3+ 11. Kf1 d6 12. Bxf6 gxf6 13. Rb1 Bd7 14. Rxb7
Ba4 15. Qe2 Nd7 16. Qe3 Kg7 17. Ke2 Rfb8 18. Rhb1 Rxb7 19. Rxb7 Qa1 20. Qf4
Qd1+ 21. Ke3 Qc1+ 22. Nd2 e5 23. Qg4+ Kf8 24. Bf5 Bd1 25. Qe4 Qc3+ 26. Qd3
exd4+ 27. Kf4 Qxd3 28. Bxd3 Nc5 29. Be4 Nxb7 30. Bxb7 Rb8 31. Bd5 Rb2 32. Ne4
Ke7 33. h4 Bc2 34. Ng3 Bb1 0-1

[Event "M.Chigorin Memorial A"]
[Site "St. Petersburg RUS"]
[Date "2007.12.08"]
[Round "8.14"]
[White "Tarasova, Viktotiya"]
[Black "Mihajlovskij, Sergei"]
[Result "0-1"]
[WhiteElo "2277"]
[BlackElo "2480"]
[PlyCount "80"]
[EventDate "2007.??.??"]

1. d4 g6 2. c4 Bg7 3. Nc3 d6 4. e4 e5 5. Nge2 Nd7 6. g3 Ngf6 7. Bg2 O-O 8. O-O
c6 9. Re1 a6 10. h3 b5 11. dxe5 dxe5 12. cxb5 axb5 13. Be3 Qe7 14. Qc2 h5 15.
Nc1 h4 16. Nd3 Rd8 17. b4 Nh7 18. a4 bxa4 19. Nxa4 Ba6 20. Ndc5 Nxc5 21. Nxc5
Bb5 22. Rxa8 Rxa8 23. Rd1 hxg3 24. fxg3 Nf8 25. h4 Ne6 26. Rd7 Qe8 27. Bh3 Nd4
28. Bxd4 exd4 29. Qb3 d3 30. Nxd3 c5 31. Rxf7 Qxf7 32. Be6 c4 33. Bxf7+ Kxf7
34. Qc2 cxd3 35. Qc7+ Kg8 36. Qb7 Rd8 37. Qe7 Rd4 38. Qe6+ Kf8 39. Qc8+ Be8 40.
Qc5+ Kg8 0-1

[Event "M.Chigorin Memorial A"]
[Site "St. Petersburg RUS"]
[Date "2007.12.08"]
[Round "8.15"]
[White "Ponfilenok, Vladimir"]
[Black "Evdokimov, Alexander A"]
[Result "1-0"]
[WhiteElo "2412"]
[BlackElo "2562"]
[PlyCount "131"]
[EventDate "2007.??.??"]

1. d4 Nf6 2. Nf3 c5 3. d5 g6 4. Nc3 Bg7 5. e4 O-O 6. Be2 b5 7. e5 Ng4 8. Nxb5
Nxe5 9. Nxe5 Bxe5 10. Bh6 Re8 11. c3 d6 12. O-O Nd7 13. Na3 Rb8 14. Bb5 Bh8 15.
Qd2 Qc7 16. Rfe1 Rb6 17. Bg5 e5 18. dxe6 Rxe6 19. Bc4 Ne5 20. Bxe6 fxe6 21. Bf4
Nf7 22. Nc4 Rc6 23. Bg3 Bg7 24. Rad1 Bf8 25. b3 Qe7 26. Qe3 Ra6 27. Re2 Qf6 28.
h3 Bh6 29. Qd3 Bf8 30. Nd2 Qe7 31. Nc4 Qf6 32. a4 Qf5 33. Qd2 Bh6 34. Ne3 Qg5
35. Qe1 Bf8 36. Nc4 Qf6 37. Re3 Qe7 38. Qe2 Qb7 39. Nd2 Rb6 40. c4 Qe7 41. Ne4
Bg7 42. Red3 d5 43. cxd5 exd5 44. Rxd5 Bb7 45. Qg4 Rb4 46. f3 Bxd5 47. Rxd5
Bd4+ 48. Kh2 Rxb3 49. Nxc5 Bxc5 50. Qc8+ Kg7 51. Qxc5 Qxc5 52. Rxc5 Ra3 53. Ra5
Ra2 54. Rxa7 Kf6 55. h4 h5 56. Bf4 Ke6 57. Kg3 Ra3 58. a5 Nd8 59. Ra8 Nc6 60.
a6 Kf7 61. Bd6 Ra5 62. Bc7 Ra4 63. Bb6 Rb4 64. Bc5 Rc4 65. a7 Rxc5 66. Rc8 1-0

[Event "M.Chigorin Memorial A"]
[Site "St. Petersburg RUS"]
[Date "2007.12.08"]
[Round "8.16"]
[White "Lovkov, Roman"]
[Black "Kuderinov, Kirill"]
[Result "1/2-1/2"]
[WhiteElo "2457"]
[BlackElo "2416"]
[PlyCount "85"]
[EventDate "2007.??.??"]

1. e4 c5 2. Nf3 a6 3. c3 Nf6 4. e5 Nd5 5. d4 cxd4 6. cxd4 e6 7. Bc4 Nb6 8. Bb3
d6 9. O-O dxe5 10. Nxe5 Be7 11. Qf3 O-O 12. Rd1 N8d7 13. Nxd7 Qxd7 14. Nc3 Qc6
15. d5 exd5 16. Nxd5 Nxd5 17. Bxd5 Qf6 18. Be3 Qxf3 19. Bxf3 Bf6 20. Bd4 Bxd4
21. Rxd4 Rb8 22. Rc1 Be6 23. a3 b6 24. h4 g6 25. Rd6 Rfd8 26. Rcc6 Rxd6 27.
Rxd6 Kf8 28. Kh2 Ke7 29. Rc6 Bd7 30. Rc3 a5 31. Kg3 h6 32. Kf4 Kf6 33. Rc7 g5+
34. hxg5+ hxg5+ 35. Ke3 Re8+ 36. Kd4 Rd8 37. Kc3 Ke5 38. Rb7 Bf5 39. Rxb6 Rd3+
40. Kc4 Rd4+ 41. Kc3 Rd3+ 42. Kc4 Rd4+ 43. Kc3 1/2-1/2

[Event "M.Chigorin Memorial A"]
[Site "St. Petersburg RUS"]
[Date "2007.12.08"]
[Round "8.17"]
[White "Ovod, Evgenija"]
[Black "Konovalov, Nikolay"]
[Result "1-0"]
[WhiteElo "2386"]
[BlackElo "2453"]
[PlyCount "95"]
[EventDate "2007.??.??"]

1. Nf3 c5 2. c4 g6 3. d4 Bg7 4. e4 Qb6 5. dxc5 Qxc5 6. Be2 d6 7. O-O Nf6 8. Nc3
Bg4 9. Be3 Qc8 10. Rc1 Nc6 11. h3 Bxf3 12. Bxf3 O-O 13. b3 Qd7 14. Kh2 Rfd8 15.
g3 e6 16. Qe2 Qe7 17. Rfd1 Nd7 18. Nb5 Nde5 19. Bg2 a6 20. Nc3 Nd7 21. a3 Nc5
22. Qa2 Rac8 23. b4 Nd7 24. f4 Nf8 25. Rd3 Rd7 26. Na4 Rdd8 27. Nb6 Rb8 28.
Rcd1 e5 29. Nd5 Qe6 30. f5 gxf5 31. exf5 Qxf5 32. b5 axb5 33. cxb5 Qe6 34. bxc6
bxc6 35. Nb4 d5 36. Nxc6 Qxc6 37. Bxd5 Qf6 38. Bxf7+ Kh8 39. Rxd8 Rxd8 40. Rxd8
Qxd8 41. a4 Qd3 42. Qd2 Qa3 43. a5 e4 44. Bc4 Qa4 45. Qd5 Qc2+ 46. Kh1 Ne6 47.
Qxe6 Qd1+ 48. Bg1 1-0

[Event "M.Chigorin Memorial A"]
[Site "St. Petersburg RUS"]
[Date "2007.12.08"]
[Round "8.18"]
[White "Bratus, Pater P"]
[Black "Bodnaruk, Anastasia"]
[Result "0-1"]
[WhiteElo "2211"]
[BlackElo "2331"]
[PlyCount "62"]
[EventDate "2007.??.??"]

1. Nf3 Nf6 2. d4 g6 3. b3 Bg7 4. Bb2 d5 5. e3 O-O 6. Bd3 Ne4 7. c4 c6 8. O-O
Na6 9. a3 Bg4 10. h3 Bxf3 11. Qxf3 f5 12. Qe2 Nc7 13. cxd5 cxd5 14. Nd2 Ne6 15.
Rfe1 Qb6 16. b4 g5 17. Nxe4 fxe4 18. Bb1 Nc7 19. Ba2 e6 20. Rec1 Rf7 21. Rc2
Bf8 22. Qg4 Rg7 23. Rac1 Bd6 24. Rc5 Rg6 25. R5c2 Rf8 26. Qd1 Rgf6 27. Rd2 a6
28. Qa4 Nb5 29. Bb3 Bb8 30. Bd1 Qd6 31. f4 exf3 0-1

[Event "M.Chigorin Memorial A"]
[Site "St. Petersburg RUS"]
[Date "2007.12.08"]
[Round "8.19"]
[White "Kashlinskaya, Alina"]
[Black "Demianjuk, Alexander"]
[Result "0-1"]
[WhiteElo "2263"]
[BlackElo "2334"]
[PlyCount "86"]
[EventDate "2007.??.??"]

1. d4 Nf6 2. c4 e6 3. Nc3 d5 4. cxd5 exd5 5. Bg5 c6 6. e3 Be7 7. Bd3 Nbd7 8.
Qc2 O-O 9. Nf3 Re8 10. O-O Nf8 11. Rae1 Ne4 12. Bxe7 Qxe7 13. Nd2 Nxd2 14. Qxd2
Qf6 15. Qc2 h6 16. f4 b6 17. f5 Bb7 18. Qf2 Nh7 19. e4 dxe4 20. Nxe4 Qd8 21. f6
Nxf6 22. Qf5 Qxd4+ 23. Kh1 Rxe4 24. Rxe4 Qd6 25. Ree1 c5 26. Bc4 Rf8 27. Re3 a6
28. Qg6 Kh8 29. Bxf7 Bxg2+ 30. Qxg2 Rxf7 31. Ref3 b5 32. Qg6 Qd5 33. Kg1 c4 34.
Qf5 Qd4+ 35. R3f2 Re7 36. Qc8+ Re8 37. Qc6 Re5 38. Kh1 Rg5 39. Rf4 Qxb2 40.
R1f2 Qe5 41. Rf5 Ng4 42. Rf8+ Kh7 43. Rg2 Qe1+ 0-1

[Event "M.Chigorin Memorial A"]
[Site "St. Petersburg RUS"]
[Date "2007.12.08"]
[Round "8.20"]
[White "Rozum, Ivan"]
[Black "Ivanov, Rostislav"]
[Result "1-0"]
[WhiteElo "2411"]
[BlackElo "2355"]
[PlyCount "73"]
[EventDate "2007.??.??"]

1. d4 Nf6 2. c4 c5 3. d5 e6 4. Nc3 exd5 5. cxd5 d6 6. e4 g6 7. Bd3 Bg7 8. h3
O-O 9. Nf3 b5 10. O-O a6 11. Bf4 Re8 12. Re1 Bb7 13. a3 Qb6 14. Qd2 Nbd7 15. b4
Rac8 16. Rac1 cxb4 17. axb4 Ne5 18. Nxe5 dxe5 19. Be3 Qd8 20. Ne2 Qd7 21. Bc5
Red8 22. f3 h5 23. Rc2 Kh7 24. Nc1 Bh6 25. Qf2 Rg8 26. Nb3 g5 27. Be3 Rxc2 28.
Bxc2 Bc8 29. Nd4 Qe8 30. Nc6 Nd7 31. Bd3 Rg6 32. Rc1 Nf6 33. Nxe5 Qxe5 34. Rxc8
Qa1+ 35. Rc1 Qa3 36. Qd2 g4 37. Bxh6 1-0

[Event "M.Chigorin Memorial A"]
[Site "St. Petersburg RUS"]
[Date "2007.12.09"]
[Round "9.1"]
[White "Andreikin, Dmitry"]
[Black "Gubajdullin, Alexei"]
[Result "1/2-1/2"]
[WhiteElo "2555"]
[BlackElo "2475"]
[PlyCount "181"]
[EventDate "2007.??.??"]

1. c4 e5 2. Nc3 Nc6 3. Nf3 Nf6 4. g3 Bc5 5. d3 O-O 6. Bg2 d6 7. O-O a6 8. Bg5
h6 9. Bh4 Nd4 10. Nxd4 exd4 11. Bxf6 Qxf6 12. Ne4 Qe5 13. Rb1 Ba7 14. b4 Bg4
15. Re1 Rfe8 16. a4 Qe7 17. Nd2 c6 18. b5 axb5 19. axb5 Qc7 20. bxc6 bxc6 21.
Qa4 Bd7 22. Ra1 Qc8 23. Qc2 Bb6 24. Rxa8 Qxa8 25. Ne4 Bc7 26. Qb2 f5 27. Nd2
Qa5 28. Nf3 c5 29. h4 Rb8 30. Qc1 Qa2 31. Qf4 Qa5 32. h5 Be6 33. Qc1 Qa2 34.
Qf4 Qa5 35. Qc1 Qa2 36. Nh4 Ba5 37. Rd1 Bd8 38. Ng6 Qb3 39. Bf3 Bf7 40. Kg2 Bg5
41. Qa1 Qb6 42. Qa4 Qc7 43. Bd5 Bxd5+ 44. cxd5 Qb7 45. Qa2 f4 46. gxf4 Ra8 47.
Qc4 Qb2 48. Re1 Bd8 49. Qc1 Qb3 50. Qc4 Qb2 51. Qc1 Qb3 52. e4 Qxd3 53. Qd1
Qxd1 54. Rxd1 Kf7 55. e5 Ke8 56. Kf3 Ra7 57. Ke4 Ra4 58. Rb1 d3+ 59. Kxd3 Rd4+
60. Ke3 dxe5 61. fxe5 Rxd5 62. f4 Kd7 63. Rb7+ Kc8 64. Rb5 Kc7 65. Nf8 Kc6 66.
Rb1 c4 67. Ne6 Bb6+ 68. Ke4 Rd3 69. f5 Rd2 70. f6 gxf6 71. exf6 Rf2 72. Rc1 Kb5
73. Rb1+ Kc6 74. Rc1 Kb5 75. Nf4 Bc7 76. Nd5 Bd6 77. Rd1 Kc5 78. Ke3 Rf5 79.
Nc3 Kc6 80. Ne4 Bc5+ 81. Ke2 Rf4 82. Nd2 Rf2+ 83. Ke1 c3 84. Ne4 Rf3 85. Nxc5
Kxc5 86. Ke2 Rxf6 87. Kd3 Rf3+ 88. Kc2 Rh3 89. Rd3 Rxh5 90. Kxc3 Rh1 91. Kd2
1/2-1/2

[Event "M.Chigorin Memorial A"]
[Site "St. Petersburg RUS"]
[Date "2007.12.09"]
[Round "9.3"]
[White "Safarli, Eltaj"]
[Black "Mamedov, Rauf"]
[Result "1/2-1/2"]
[WhiteElo "2487"]
[BlackElo "2582"]
[PlyCount "45"]
[EventDate "2007.??.??"]

1. e4 c5 2. Nf3 Nc6 3. d4 cxd4 4. Nxd4 Nf6 5. Nc3 e5 6. Ndb5 d6 7. Bg5 a6 8.
Na3 b5 9. Bxf6 gxf6 10. Nd5 f5 11. c3 Bg7 12. exf5 Bxf5 13. Nc2 O-O 14. Nce3
Be6 15. Bd3 f5 16. Bc2 f4 17. Qh5 Rf7 18. Bxh7+ Kf8 19. Bf5 Qe8 20. Bxe6 Qxe6
21. Qg4 Qh6 22. Nf5 Qe6 23. Nfe3 1/2-1/2

[Event "M.Chigorin Memorial A"]
[Site "St. Petersburg RUS"]
[Date "2007.12.09"]
[Round "9.4"]
[White "Popov, Valerij"]
[Black "Yemelin, Vasily"]
[Result "0-1"]
[WhiteElo "2580"]
[BlackElo "2564"]
[PlyCount "74"]
[EventDate "2007.??.??"]

1. Nf3 c5 2. e4 d6 3. d4 cxd4 4. Nxd4 Nf6 5. Nc3 Nc6 6. Be2 e6 7. Bg5 Be7 8.
Qd2 O-O 9. O-O-O Nxd4 10. Qxd4 Nxe4 11. Bxe7 Nxc3 12. Qh4 Nxe2+ 13. Kb1 Qb6 14.
Rxd6 Nc3+ 15. Ka1 Qa5 16. bxc3 Re8 17. Qb4 Qc7 18. Bg5 e5 19. Rhd1 Bf5 20. Kb2
Rac8 21. R1d5 b6 22. a4 f6 23. Be3 Qf7 24. g3 h6 25. a5 bxa5 26. Qxa5 Rb8+ 27.
Kc1 Rb7 28. Rd8 Kh7 29. Rxe8 Qxe8 30. Bxa7 Qc6 31. Be3 Qc4 32. h4 Qe4 33. Rd2
Qc6 34. Rd1 Rb8 35. Rd8 Qe4 36. Rd2 Bg4 37. Qd5 Qa4 0-1